Logo BPK

Biblioteka

Politechniki Koszalińskiej

Spain architects : (Rekord nr 55837)

Szczegóły MARC
000 -ETYKIETA REKORDU
podpole kontrolne o stałej długości 00867nam a2200265 i 4500
001 - NUMER KONTROLNY REKORDU
pole kontrolne bg
020 ## - MIĘDZYNARODOWY ZNORMALIZOWANY NUMER KSIĄŻKI - ISBN
ISBN 9788493559571
040 ## - ŹRÓDŁO KATALOGOWANIA
Instytucja, która utworzyła rekord BPK
041 ## - KOD JĘZYKA
Kod języka tekstu eng
-- spa
044 ## - KOD KRAJU WYDAWCY/PRODUCENTA
Kod kraju wydawcy/producenta SPA
080 ## - UNIWERSALNA KLASYFIKACJA DZIESIĘTNA - UKD
UKD 72(460)"20/21"
920 ## - Międzynarodowy znormalizowany numer książki – ISBN
ISBN 978-84-935-5957-1
008 - POLE O STAŁEJ DŁUGOŚCI - DANE KONTROLNE
podpole kontrolne o stałej długości s pl f |000 0 pol
245 00 - TYTUŁ/ODPOWIEDZIALNOŚĆ
Tytuł Spain architects :
Ciąg dalszy tytułu works.
Oznaczenie części/sekcji dzieła 1 /
Pozostałe elementy strefy tytułu i oznaczenia odpowiedzialności [equipo Marta Alvarez et al.].
246 18 - WARIANT TYTUŁU
Treść wyrażenia wprowadzającego Tyt. grzbiet.:
Tytuł Arquitectura singular
260 ## - STREFA ADRESU WYDAWNICZEGO
Miejsce wydania Barcelona :
Nazwa wydawcy/dystrybutora Manel Padura,
Data publikacji, dystrybucji/powstania dokumentu [2007].
300 ## - STREFA OPISU FIZYCZNEGO
Objętość 336 s. :
Inne cechy fizyczne il. (gł. kolor.) ;
Rozmiary 33 cm.
500 ## - UWAGI OGÓLNE
Tekst uwagi Tyt. grzbiet.: "Arquitectura singular : works 1".
504 ## - UWAGA DOTYCZĄCA BIBLIOGRAFII
Informacje o bibliografii Tekst równol. hiszp. i ang.
650 #9 - HASŁO PRZEDMIOTOWE W FORMIE NAZWY OGÓLNEJ LUB JEDNOSTKOWEJ
Nazwa ogólna lub geograficzna Architektura hiszpańska
Określnik ogólny projekty
Określnik chronologiczny 20-21 w.
650 #9 - HASŁO PRZEDMIOTOWE W FORMIE NAZWY OGÓLNEJ LUB JEDNOSTKOWEJ
Nazwa ogólna lub geograficzna Architekci
Określnik geograficzny Hiszpania
Określnik chronologiczny 20-21 w.
700 1# - HASŁO DODATKOWE - NAZWA OSOBOWA
Nazwa osobowa Alvarez, Marta.
856 ## - LOKALIZACJA I DOSTĘP DO ELEKTRONICZNYCH DOKUMENTÓW ZDALNYCH
Link (URL) http://koha.tu.koszalin.pl/cgi-bin/koha/opac-detail.pl?biblionumber=55837
Tekst linku Katalog online BPK
942 ## - DODATKOWE ELEMENTY (KOHA)
Typ dokumentu Książka
Egzemplarze
Wycofany Status egzemplarza Uszkodzony Dostępność Lokalizacja stała Lokalizacja bieżąca Miejsce przechowywania Sygnatura Kod kreskowy Dział Typ dokumentu
      Tylko na miejscu Czytelnia Wydziału Elektroniki i Informatyki, Wydziału Architektury i Wzornictwa, Wydziału Inżynierii Mechanicznej i Energetyki oraz Wydziału Inżynierii Lądowej, Środowiska i Geodezji Czytelnia Wydziału Elektroniki i Informatyki, Wydziału Architektury i Wzornictwa, Wydziału Inżynierii Mechanicznej i Energetyki oraz Wydziału Inżynierii Lądowej, Środowiska i Geodezji Czytelnia Wydziałowa ul. Śniadeckich 2 89541 02467047 72 Architektura Książka
© 2023 Biblioteka Politechniki Koszalińskiej :: KOHA